[Event "Baku FIDE GP"]
[Site "Baku"]
[Date "2014.10.08"]
[Round "6"]
[White "Kasimdzhanov, Rustam"]
[Black "Andreikin, Dmitry"]
[Result "1-0"]
[WhiteElo "2706"]
[BlackElo "2722"]
[Annotator "Szabo,Kr"]
[PlyCount "71"]
[EventDate "2014.10.02"]
[EventType "tourn"]
[EventRounds "11"]
[EventCountry "AZE"]
[EventCategory "21"]
[SourceTitle "CBM 163"]
[Source "ChessBase"]
[SourceDate "2014.11.11"]
[SourceVersion "1"]
[SourceVersionDate "2014.11.11"]
[SourceQuality "1"]

1. d4 d6 2. e4 Nf6 3. Nc3 e5 4. Nf3 Nbd7 5. Bc4 Be7 6. O-O O-O 7. a4 a5 8. Re1
c6 9. h3 h6 10. Be3 Re8 11. d5 {A rare plan. White doesn't want to keep the
tension in the centre.} (11. Ba2 {was tried} Qc7 12. Nh4 Nf8 13. Qf3 exd4 14.
Bxd4 Ne6 15. Bxe6 Bxe6 16. Nf5 Bxf5 17. Qxf5 Nd7 {and Black equalised, S.
Zhigalko-Yudin, Dubai rapid 2014.}) (11. Qd2 {is also more popular.}) 11... Nf8
$6 $146 {The first new move by Andreikin. A logical idea, Black would like to
transfer his N to the kingside. Unfortunately this wasn't a good plan, because
Black's queenside becomes very weak.} (11... Nb6 12. Bb3 (12. Nd2 $5) 12...
cxd5 13. Bxb6 Qxb6 14. Nxd5 Nxd5 15. Qxd5 Be6 16. Qd3 Rac8 $11 {should be
equalising, Tseitlin-Shirazi, Bagneux 1994.}) 12. Nd2 $1 {Kasimdzhanov
immediately starts a great plan. He prepares for Bf1 followed by Nc4.} Ng6 13.
Bf1 $1 {A good prophylactic move. White frees the c4-square for his knight.}
Rb8 $6 (13... cxd5 {was tougher} 14. exd5 Nh4 15. Bb5 Rf8 16. Nc4 $36 {and
White has a wonderful initiative on the queenside.}) 14. Ba7 ({We will see} 14.
Nc4 $1 {after a repetition.}) 14... Ra8 15. Be3 Rb8 16. Nc4 $1 $16 {After
repetition of moves Kasimdzhanov continues his main plan. Black's situation is
very difficult.} c5 {A sad decision, but it was forced, otherwise White could
play Bb6.} 17. Bd2 Rf8 (17... Nh7 18. Ra3 b6 (18... Bg5 {does not work,
because of} 19. Bxg5 Nxg5 20. Nb5 $18 {and the d6 P is lost.}) ({or} 18... Ng5
19. Rb3 $18 {and Black has no hope.}) 19. Rb3 Bd7 20. Nb5 $16 {and White is
better.}) 18. Ra3 $1 {Another strong reply. The R will be very unpleasant from
b3.} b6 19. Nb5 Ne8 20. Rb3 Rb7 21. Nba3 $1 {Black can't avoid White's
decisive threat: Nxb6 then Bxa5! Black tries to create counterplay on the
kingside, but he is too slow there.} Bh4 (21... f5 22. Nxb6 $1 Rxb6 23. Bxa5
$18) 22. Nxb6 Rxb6 23. Bxa5 $18 {White is completely winning, he just has to
avoid Black's practical chances on the kingside.} f5 24. Bxb6 Qg5 25. Nc4 fxe4
26. g3 Nf4 27. Nd2 Nf6 28. Nxe4 Nxe4 29. Rxe4 Bxh3 30. Rxf4 $1 {A nice
simplification.} exf4 31. Bxh3 fxg3 32. f3 g2 33. Qe2 Rf4 34. Ba5 Rxa4 35. Be6+
Kh7 36. Qd3+ 1-0

[Event "EU-chT (Men) 19th"]
[Site "Warsaw"]
[Date "2013.11.17"]
[Round "9.3"]
[White "Navara, David"]
[Black "Jobava, Baadur"]
[Result "1-0"]
[WhiteElo "2705"]
[BlackElo "2695"]
[Annotator "Szabo,Kr"]
[PlyCount "159"]
[EventDate "2013.11.08"]
[EventType "team-swiss"]
[EventRounds "9"]
[EventCountry "POL"]
[SourceTitle "CBM 158"]
[Source "ChessBase"]
[SourceDate "2014.01.16"]
[SourceVersion "1"]
[SourceVersionDate "2014.01.16"]
[SourceQuality "1"]
[WhiteTeam "Czech Republic"]
[BlackTeam "Georgia"]
[WhiteTeamCountry "CZE"]
[BlackTeamCountry "GEO"]

1. e4 d6 2. d4 Nf6 3. Nc3 e5 4. Nf3 Nbd7 5. Bc4 Be7 6. O-O O-O 7. a4 a5 8. h3
h6 9. Re1 Re8 10. b3 c6 11. Bb2 (11. Ba3 {was the alternative} Qc7 12. Qd2 Nf8
13. Rad1 Ng6 14. dxe5 (14. Re3 {An ambitious move, but there isn't a real
attack on the kingside.} Bf8 15. Bb2 Be6 16. Bd3 Rad8 $13 {and Black hasn't
got any problem, Marjanovic-Markus, Vrnjacka Banja 2010.}) 14... dxe5 15. Bxe7
Qxe7 16. Qd6 Qxd6 17. Rxd6 $14 {with a comfortable endgame for White.}) 11...
Qc7 12. Qd2 Nf8 13. Rad1 Ng6 14. Bd3 {White prepares for Ne2-g3, but first it
was important to avoid the d5 counterplay.} (14. d5 Rd8 15. Ba3 Nf4 16. Bf1 Qd7
(16... Ne8 17. Kh2 g5 $6 18. g3 Ng6 19. Qe3 Nf6 20. Nd2 Bd7 21. Nc4 $16 {
Shirov-Tischbierek, Germany 1992.}) 17. Kh2 {followed by Ng1 then g3.}) 14...
Nh7 15. Ne2 Ng5 16. Qe3 $146 {A logical novelty by Navara. He wants to take
his Q to the queenside, where it is more powerful.} (16. Nxg5 Bxg5 17. Qc3 exd4
(17... Qe7 18. dxe5 dxe5 19. Bc4 $14 {Glantz-Brener, Berlin 2009.}) 18. Nxd4
Bf6 {and the white Q can't find its place.}) 16... Bf6 17. Nd2 (17. Nxg5 {
was also possible} Bxg5 18. Qf3 Be6 19. dxe5 dxe5 20. Ng3 Nh4 21. Qe2 Ng6 {
with a balanced middlegame.}) 17... Ne6 18. Nc4 Bg5 (18... b5 {would have led
to a tactical strike} 19. axb5 cxb5 20. Nxd6 $5 Qxd6 21. dxe5 Bxe5 22. Bxb5 Qb8
23. Bxe8 Bxb2 24. Bc6 Ra7 {with a very sharp battle.}) 19. Qf3 Rb8 {A useful
move, Black prepares for b5.} 20. Ba3 Rd8 {Black's position looks very passive,
but it is difficult to find any weaknesses in his position. Basically the
white B is not so good on a3.} 21. dxe5 dxe5 22. g3 $6 (22. Ne3 Nef4 23. Nf5
Nxd3 24. Rxd3 Bxf5 25. exf5 Nh4 26. Qe4 Rxd3 27. Qxd3 Rd8 28. Qe4 {, but
Black's position is already more comfortable.}) 22... Be7 (22... b5 $5 {
was also tempting} 23. axb5 cxb5 24. Ne3 {Now the d5 square looks a nice base
for the N. However,} Bxe3 (24... Be7 $5 {is tricky, as} 25. Nd5 $140 $2 Ng5 $1
$19 {and Black wins.}) 25. Qxe3 b4 26. Bb2 Nc5 {and Black looks nicely placed.}
) 23. h4 b5 $1 {Finally Jobava played this right move.} 24. axb5 $6 {An
inaccuracy.} ({The engine suggests} 24. Bxe7 Nxe7 25. Nb2 {, but the b2 N is
out of play.}) 24... cxb5 25. Bxe7 Nxe7 26. Ne3 Nc5 27. Nd5 Nxd5 28. exd5 h5 $6
{A peculiar move, it creates a weakness on Black's kingside.} ({The easy} 28...
Nxd3 {was more natural} 29. Qxd3 b4 $15 {and Black is slightly better.}) 29.
Bf5 (29. Qxh5 e4 30. Nd4 $1 exd3 31. Nc6 Rb7 32. Ne7+ Qxe7 33. Rxe7 Rxe7 $132)
29... e4 $6 (29... Bxf5 {was the correct move} 30. Qxf5 g6 $13) 30. d6 (30.
Qxh5 $5 {was also interesting} g6 31. Bxg6 fxg6 32. Qxg6+ Qg7 33. Qc6 $36 {
and White has a strong initiative.}) 30... Qd7 $2 {A mistake, Black missed
White's strong reply.} (30... Qb6 {was the only move} 31. Qxh5 Bxf5 32. Qxf5
Rxd6 33. Nc3 $14 {, but White is also slightly better.}) 31. Bh7+ $1 {A very
pretty intermediate move.} Kxh7 32. Qxh5+ Kg8 33. Qxc5 $16 {White's position
is better, but still Black has some practical counterchances on the long
diagonal.} Bb7 34. Nf4 Qc6 {Forced, otherwise Nd5 is too strong.} 35. Qxc6 Bxc6
36. Nd5 Bxd5 37. Rxd5 Rb6 38. d7 Rb7 39. Rxe4 Rdxd7 40. Re8+ Kh7 41. Rh5+ $1 {
Of course, White wants to keep the rooks.} Kg6 42. Ree5 a4 43. Rxb5 Rxb5 44.
Rxb5 a3 45. Ra5 Rd2 46. Rxa3 Rxc2 47. Ra5 $18 {White has io Ps up, the rook
endgame is an easy win for White without any counterplay.} Rb2 48. h5+ Kh6 49.
Rb5 Rc2 50. Kg2 Rc3 51. g4 f6 52. f3 Rd3 53. Kg3 Rd4 54. Rb8 Kh7 55. b4 Rc4 56.
b5 Rc5 57. b6 Rc6 58. f4 Rc3+ 59. Kf2 Rb3 60. Ke2 Rc3 61. Kd2 Rc4 62. g5 fxg5
63. fxg5 Rb4 64. Kc3 Rb1 65. Kc4 Rc1+ 66. Kd5 Rd1+ 67. Kc6 Rc1+ 68. Kb7 Rg1 69.
g6+ Kh6 70. Rh8+ Kg5 71. h6 Kxg6 72. hxg7 Kxg7 73. Rh5 Kf7 74. Kc6 Rg6+ 75. Kc7
Rg7 76. Rh6 Kf8+ 77. Kc6 Rg1 78. b7 Rc1+ 79. Kd7 Kg7 80. b8=Q 1-0

[Event "Biel GM 48th"]
[Site "Biel"]
[Date "2015.07.30"]
[Round "10"]
[White "Vachier Lagrave, Maxime"]
[Black "Rapport, Richard"]
[Result "1-0"]
[WhiteElo "2731"]
[BlackElo "2671"]
[Annotator "Vachier Lagrave,M"]
[PlyCount "95"]
[EventDate "2015.07.20"]
[EventType "tourn"]
[EventRounds "10"]
[EventCountry "SUI"]
[EventCategory "19"]
[SourceTitle "CBM 168"]
[Source "ChessBase"]
[SourceDate "2015.09.14"]
[SourceVersion "1"]
[SourceVersionDate "2015.09.14"]
[SourceQuality "1"]

1. e4 e5 2. Nf3 d6 {I knew it was pretty much useless to prepare lines against
Richard with White. Thus I just chose my first move, and obviously didn't
expect the Philidor to appear on the board!} 3. d4 exd4 4. Nxd4 Nf6 5. Nc3 Be7
6. g3 O-O $1 ({I expected} 6... d5 7. e5 Ng4 8. Bg2 {but this line is also
slightly better for White.}) 7. Bg2 Re8 8. O-O Bf8 9. Bf4 {I didn't take much
time to play this move. My idea is to hinder Black's ideas to play g6-Bg7 
(because of Qd2 followed by Bh6) and c6 (because of the pawn on d6) and
develop my pieces naturally. The only problem being that Black now get his
knight on e5 unchallenged.} Nbd7 10. Qd2 Ne5 11. Rad1 c6 (11... Nh5 $5 12. Bg5
Nc4 $1 (12... f6 13. Be3 Nc4 14. Qe2 $16) 13. Qc1 f6 14. Bd2 Nxd2 15. Qxd2 g6 {
should be clearly better for White. Still, managing to get the dark squared
bishop is a great achievement for Black who still has a solid position.}) (
11... Ng6 12. Bg5 h6 13. Bxf6 Qxf6 14. Nd5 Qd8 15. f4 Ne7 16. Ne3 {was another
similar option. But both lines are of course rather passive.}) 12. h3 b5 $1 {
After a long think Richard came up with a nice idea I had completely missed.}
13. b3 (13. Bxe5 $2 dxe5 14. Nxc6 Qb6 $19) 13... b4 14. Na4 c5 15. Nb5 d5 $5 {
I thought this would be Richard's idea. While he was thinking for long on
whether he should play this principled move, I adjusted my own thoughts and
managed to see a few nice lines.} (15... Ba6 16. c4 $1 (16. Nxd6 {was my idea
but is not so impressive after} Bxd6 17. Qxd6 Qxd6 18. Rxd6 Bxf1 19. Kxf1 c4 {
and Black is fine.}) 16... Bxb5 17. cxb5 Qa5 18. Bg5 Qxb5 19. Bxf6 gxf6 {
and White does have excellent compensation for the pawn but possibly no more.})
16. exd5 $1 (16. Bxe5 Rxe5 17. Qf4 {was my first thought, but then I realised
things were very unclear after} a6 $1 18. Nbc3 $1 {I missed the idea behind
this move, and after} (18. Nd4 Rxe4 19. Bxe4 Nxe4) (18. Na7 Rxe4 19. Bxe4 Rxa7
$13 {with excellent compensation for the exchange.}) 18... Bd6 19. Nxd5 Nxd5
20. Qd2 {White threatens f4 and keeps a nice advantage. But what I played was
more forcing, and also a surprise to Richard, like I hoped it would be.}) 16...
Bxh3 (16... Bd7 17. Rfe1 Ng6 18. Bc7 Rxe1+ (18... Qc8 19. Rxe8 Bxe8 20. d6 Bxb5
21. Nxc5 $16) 19. Rxe1 Qc8 20. d6 Bxb5 21. Nxc5 Qf5 (21... Nd7 22. Bb7) 22.
Bxa8 Qxc5 $16) (16... a6 17. Nc7 $1 {and there follows a nice forced line :}
Qxc7 18. d6 Qb8 19. Bxe5 $1 (19. Bxa8 $2 Qxa8 20. Bxe5 Bxh3) 19... Rxe5 20.
Bxa8 Qxa8 21. Nb6 Qc6 22. d7 $1 (22. Nxc8 {was my idea, but after} Rd5 $1 (
22... Qxc8 23. d7 Qd8 24. Rfe1 Rxe1+ (24... Rd5 25. Qxd5 Nxd5 26. Rxd5 $18) 25.
Qxe1 $1 {White is winning thanks to the d7 pawn. Black is unable to move his
pieces.}) 23. Na7 (23. Ne7+ Bxe7 24. Qxd5 Nxd5 25. dxe7 Nf6 26. Rd8+ Ne8 27.
Rfd1 f6 28. Rxe8+ Qxe8 29. Rd8 Kf7 {is only enough for a draw.}) 23... Qb7 24.
Qf4 (24. Qe2 Rxd6 $1) 24... Qxa7 25. Rxd5 Nxd5 26. Qf5 Nf6 {things are
suddenly not as clear.}) 22... Bb7 23. f3 Nxd7 24. Nxd7 {and White is winning.}
) 17. Bxe5 Rxe5 18. Bxh3 a6 (18... Rxd5 19. Qe2 a6 20. Bg2 $18) 19. Nbc3 (19.
Nc7 $6 Qxc7 20. d6 Qa7 21. d7 Rd8 22. Rfe1 Rh5 $1 {is the problem of playing
at all cost for the passed d-pawn. Thus I settle for a pawn up.}) 19... bxc3
20. Nxc3 Bd6 {But Black keeps some chances to hold thanks to a good blockade
on the dark squares. Still I take control of the e-file now.} 21. Rfe1 Rxe1+ (
21... Qe7 22. Rxe5 Qxe5 23. Re1 Qh5 24. Kg2) 22. Rxe1 Qc7 23. Ne4 Nxe4 24. Rxe4
Qb6 $6 {It's difficult to defend passively but this move was not called for
and gives me additional options.} (24... g6 25. Bf1 Qd7 $16) 25. Qe3 $6 g6 $6
26. Bd7 {Now taking advantage of Qb6. The bishop moves to e8 to create
additional threats on Black's king.} Rd8 27. Be8 Qc7 28. Kg2 (28. Rh4 $6 Qe7
29. Qh6 $2 Qe1+ 30. Kg2 Rxe8) 28... Rb8 29. Rh4 $6 {It's not clear I should
force Black to play ...h5, but it does help create a few more weaknesses, thus
I played it automatically.} (29. Qf3 {immediately was stronger.}) 29... h5 (
29... Be7 30. Bxf7+) (29... Qe7 30. Qh6 Qxe8 31. Qxh7+ Kf8 32. Qh8+ Ke7 33.
Re4+) (29... Be5 30. Bxf7+ $1 Kxf7 31. Rxh7+ Bg7 32. Qe6+ Kf8 33. Qxg6 Re8 34.
Rh4 $1 {and White wins easily thanks to the combined pressure on the king and
the many pawns available.}) 30. Re4 Rb4 (30... Qd8 $1 31. Qf3 Rb7 {offered the
best chance of survival.}) 31. c4 Rb8 32. Qf3 {Now I manage to break through
on the kingside.} Bf8 (32... Be5 33. Qxf7+) (32... Kf8 33. Qf6) 33. Qf6 a5 (
33... Rb6 34. Bxf7+) 34. d6 $1 Qb7 (34... Bxd6 35. Bxf7+ Qxf7 36. Qxd6 Rf8 37.
Rf4 Qb7+ 38. Kh2 Rxf4 39. Qxg6+ $1 {and the pawn endgame is easily won :} Qg7
40. Qxg7+ Kxg7 41. gxf4 Kg6 42. Kg3 Kf5 43. Kh4 Kxf4 44. Kxh5 Kf3 45. Kg5 Kxf2
46. Kf4 Ke2 47. Ke4 Kd2 48. Kd5) 35. f3 Bg7 36. Qe7 (36. Qg5 {was more lethal
with the d-pawn inevitably queening. But at the same time, I decided two pawns
should be more than enough to win the following endgame and didn't think any
more about it. A harmless hastiness here, but which costs every chess player a
lot of half points in ihs or her career!}) 36... Qxe7 37. Rxe7 Bf8 38. Bxf7+
Kg7 39. Ra7 Bxd6 40. Bd5+ Kf6 41. Rxa5 {Fortunately for me, this endgame is
indeed completely hopeless for Black. The a-pawn supported by the Bd5 is
virtually unstoppable.} Rb6 42. f4 g5 43. Kf3 h4 44. fxg5+ Kxg5 45. gxh4+ Kxh4
46. Ke4 Kg5 47. Rb5 Rb8 48. Rxb8 1-0

[Event "DDR-ch 36th"]
[Site "Glauchau"]
[Date "1987.02.14"]
[Round "10"]
[White "Vogt, Lothar"]
[Black "Hesse, Peter"]
[Result "1-0"]
[WhiteElo "2490"]
[BlackElo "2375"]
[Annotator "Vogt,L"]
[PlyCount "51"]
[EventDate "1987.02.05"]
[EventType "tourn"]
[EventRounds "13"]
[EventCountry "DDR"]
[EventCategory "6"]
[SourceTitle "EXT 2003"]
[Source "ChessBase"]
[SourceDate "2002.11.25"]
[SourceVersion "1"]
[SourceVersionDate "2002.11.25"]
[SourceQuality "1"]

{SCHACH 5/1987} 1. e4 d6 2. d4 Nf6 3. Nc3 e5 {Diesen Aufbau spielt Peter Hesse
seit vielen Jahren und hat grosse Erfahrung damit - aber auch den Nachteil,
dass sich die Gegner bestens vorbereiten können.} 4. Nf3 ({In der letzten
Runde gwann Casper mit} 4. dxe5 dxe5 5. Qxd8+ Kxd8 6. Bc4 Bb4 {Auch ich hatte
mich mit dieser Zugfolge beschäftigt, konnte aber keine wesentlichen Nachteile
für Schwarz entdecken.}) 4... Nbd7 5. Bc4 Be7 6. O-O ({Bekanntlich führt} 6.
Bxf7+ Kxf7 7. Ng5+ Kg8 8. Ne6 Qe8 9. Nxc7 Qg6 {zu schwarzem Vorteil.}) 6... O-O
7. a4 c6 {Auch ich hatte diese Position schon einige Male gegen Hesse auf dem
Brett, meist mit Erfolg. Bei der DDR-Meisterschaft in Eilenburg 1984 verlor
ich jedoch eine klare Gewinnstellung durch ein Versehen nach der Zeitkontrolle.
} 8. Re1 Qc7 {Mein Gegner beeilt sich oft, am Damenflügel mit b6-a6-Rb8, den
Vorstoss b5 vorzubereiten,} ({würde aber bei} 8... b6 9. d5 Bb7 (9... c5 10. a5
{ohne Gegenspiel bleiben.}) 10. dxc6 Bxc6 11. Nd5 Nxd5 12. Bxd5 Bxd5 13. Qxd5
Nf6 14. Qb3) 9. Ba2 b6 10. Be3 a6 11. Nh4 exd4 12. Qxd4 ({In der Vorbereitung
glaubte ich, nach} 12. Bxd4 Nc5 13. Qf3 a5 14. e5 dxe5 15. Bxe5 Qb7 16. Nf5
Bxf5 17. Qxf5 {besser zu stehen. Plötzlich gefiel mir der Textzug besser, der
zwar zu einer schönen Partie führt, doch bei genauem Spiel unklar ist.}) 12...
Nc5 13. b4 {Konsequent} Ng4 $6 {Diese Erwiderung hatte ich völlig übersehen
und bekam erst einmal einen grossen Schreck. Der Nh4 hängt, die Diagonale
a1-h8 ist offen wie ein Scheunentor und der wertvolle Be3 droht, getauscht zu
werden.} ({Und trotzdem war die exakte Fortsetzung} 13... Ne6 14. Qd1 (14. Qxb6
$4 {scheitert an} Qxb6 15. Bxb6 Nd7 16. Nf5 Bf6 {,und Weiss verliert eine
Figur.}) 14... g6 {,wonach auch Schwarz eine Chancen hat.}) 14. Nf5 Bf6 {
Da Matt droht, muss Schwarz etwas unternehmen.} (14... Bxf5 {verbietet sich
wegen} 15. exf5 Nxe3 16. Qxe3 {mit Figurenverlust.}) 15. e5 $1 {[#] Ein
spektakulärer Zug, der in allen Varianten zu Vorteil für Weiss führt.} Nxe3 (
15... Bxf5 16. exf6 Ne6 (16... d5 17. Bf4 $1) 17. Bxe6 fxe6 18. fxg7 Qxg7 19.
Qxg7+ Kxg7 20. Bxb6) (15... Nxe5 16. Qxd6 Ne6 17. Ne4) (15... Bxe5 16. Qxg4
Bxf5 17. Qxf5 Bxc3 18. bxc5 bxc5 {Schwarz entschied sich für eine vierte
Möglichkeit, die hübsch widerlegt wird.}) 16. Nh6+ $1 gxh6 17. exf6 {Plötzlich
ist die schwarze Königsstellung ein Trümmerhaufen.} Ng4 (17... Nxc2 18. Qd2 $1
{wäre noch schlechter}) 18. Re7 Qb8 (18... Qd8 19. Rae1 {rettet auch nicht.})
19. h3 {Nach diesem schlichten Bauernzug steht Weiss auf Gewinn. Der
verteidigende Springer muss flüchten.} Nxf6 20. bxc5 Nh5 21. cxd6 c5 22. Bxf7+
$1 Rxf7 23. Qd5 Be6 24. Qxe6 Qf8 25. Nd5 Rd8 26. Ra3 (26. Ra3 Kg7 27. Rf3 $1)
1-0

[Event "Bonn GSK"]
[Site "Bonn"]
[Date "1993.??.??"]
[Round "?"]
[White "Glek, Igor Vladimirovich"]
[Black "Von Gleich, Alexander"]
[Result "1/2-1/2"]
[WhiteElo "2545"]
[BlackElo "2335"]
[Annotator "Von Gleich,A"]
[PlyCount "61"]
[EventDate "1993.??.??"]
[EventType "tourn"]
[EventRounds "9"]
[EventCountry "GER"]
[EventCategory "8"]
[SourceTitle "CBM 034"]
[Source "ChessBase"]
[SourceDate "1993.06.01"]
[SourceVersion "1"]
[SourceVersionDate "1993.06.01"]
[SourceQuality "1"]

1. e4 d6 2. d4 Nf6 3. Nc3 e5 4. Nf3 Nbd7 5. Bc4 Be7 6. O-O O-O 7. a4 a5 $1 (
7... c6 8. a5 $1 $14) 8. Ba2 (8. Re1 c6 9. b3 $1 $14) 8... exd4 $1 9. Nxd4 Nc5
10. Re1 Bd7 11. h3 (11. Bc4 c6 $10) 11... Nxa4 12. Nxa4 Bxa4 13. Ne6 $1 (13.
Bxf7+ Rxf7 14. Rxa4 Qd7 $2 (14... Nd7 $1 15. c4 Nc5 16. Ra2 Bf6 $1 $10) 15. c4
$1) 13... Bxc2 $1 (13... fxe6 $2 14. Bxe6+ Kh8 15. Rxa4 $16) 14. Nxd8 (14. Qxc2
fxe6 15. Bxe6+ Kh8 16. b3 $16 Nd7 17. Bb2 Bf6 $17) 14... Bxd1 15. Nxf7 Bh5 16.
Nxd6+ Kh8 17. Nb5 (17. Nxb7 $4 Bb4 18. Re3 Ra7 19. e5 Ng8 20. Bd5 Ne7 21. Be4
Bg6 $19) 17... Bb4 18. Nc3 Bf7 $2 (18... Nd7 $1 19. e5 Nc5 $1 (19... Rae8 $2
20. f4 Nc5 21. g4 Nd3 22. Re2) 20. g4 Be8 21. f4 Nd3 22. Rf1 Bc6 $17) 19. Bxf7
Rxf7 20. e5 $16 Re8 21. Re2 Rfe7 22. f4 (22. exf6 $1 Rxe2 23. Nxe2 Rxe2 24. f7
$1 $18 Re1+ (24... g5 25. Rxa5 Re1+ 26. Kh2 Rxc1 27. Rxg5 h6 28. Rg8+ Kh7 29.
f8=Q Bxf8 30. Rxf8 Rc2 31. Kg3 Rxb2 32. Rf7+ Kg6 33. Rxc7 Rxf2) (24... b6 25.
Bf4) 25. Kh2 g5 26. Bd2 $3 Bd6+ (26... Rxa1 27. Bxb4 $18) 27. Bf4 $3 $18 Bxf4+
28. g3 Bd6 29. Rxe1) 22... c6 23. Bd2 Kg8 24. Kf2 b5 25. Kf3 a4 $2 (25... g5 $1
26. exf6 (26. fxg5 Nd7) (26. g3 h5 27. h4 gxh4 28. gxh4 Ng4 $1) 26... Rxe2 27.
Nxe2 Bxd2 28. fxg5 Bxg5 29. Rxa5 Bxf6) 26. Nxb5 $2 (26. Nxa4 $1 Bxd2 27. Rxd2
bxa4 (27... Nd5 28. Nc3 Nxc3 29. bxc3 $16) 28. exf6 Re3+ 29. Kf2 gxf6 30. Rxa4
$16) 26... Bxd2 27. Nd6 Rf8 $1 28. Rxd2 Nd5 29. Rxa4 Rxe5 30. f5 (30. g3 g5)
30... Re6 31. Ne4 (31. Ne4 Rxf5+ 32. Kg3 h6 $15) 1/2-1/2

[Event "Harplinge"]
[Site "Harplinge"]
[Date "1998.08.15"]
[Round "1"]
[White "Wedberg, Tom Birger"]
[Black "Schmaltz, Roland"]
[Result "1-0"]
[WhiteElo "2475"]
[BlackElo "2520"]
[Annotator "Wedberg,T"]
[PlyCount "93"]
[EventDate "1998.08.15"]
[EventType "tourn"]
[EventRounds "9"]
[EventCountry "SWE"]
[EventCategory "12"]
[SourceTitle "CBM 067"]
[Source "ChessBase"]
[SourceDate "1998.11.30"]
[SourceVersion "2"]
[SourceVersionDate "1998.11.01"]
[SourceQuality "1"]

1. e4 d6 2. d4 Nf6 3. Nc3 Nbd7 4. Nf3 e5 5. Bc4 Be7 6. O-O O-O 7. Re1 a6 8. a4
b6 9. b3 Bb7 10. Ba3 $146 c6 11. d5 c5 (11... cxd5 12. Nxd5 Bxd5 13. Bxd5 Nxd5
14. Qxd5 Qc7 15. c4 $14) 12. Bc1 (12. Nd2 Qc7 13. Bf1 g6 14. Nc4 Nh5 $13) 12...
Ne8 13. Be3 g6 14. Qd2 Ng7 15. Ng5 Nf6 16. h3 Bc8 17. Rab1 (17. f4 $5) 17...
Kh8 18. b4 Nfh5 19. bxc5 bxc5 20. Nf3 f5 21. Bh6 fxe4 $6 (21... f4 $142) 22.
Nh2 $1 $16 Rf7 23. Nxe4 Nf5 24. Bg5 Nf6 25. Bxf6+ Bxf6 26. Nxf6 Rxf6 27. a5 Ng7
28. Rb6 Rf4 29. Qe2 Nf5 30. c3 Ne7 31. Nf3 Ng8 32. Nd2 Nf6 33. Ra1 Qc7 34. Rc6
Qe7 35. Rb1 Bf5 (35... Bb7 36. Rcb6 Bxd5 37. Bxd5 Nxd5 38. Rxa6 Raf8 (38...
Rxa6 39. Qxa6 Nxc3 40. Rb7 $16) 39. Ne4 Rxe4 40. Qxe4 Nxc3 41. Qb7 $18) 36.
Rbb6 Ne4 37. Nxe4 Rxe4 38. Qf1 $16 Bxh3 $6 39. gxh3 Qg5+ 40. Kh1 Qh4 41. Bxa6
Rf4 42. Kg1 e4 43. Rc8+ Rxc8 44. Bxc8 e3 45. Rb2 Qd8 46. Be6 Qxa5 47. Qe1 1-0